000 00681cam a2200193 i 4500
005 20260127110924.0
008 250721s2006 xx gr 000 0 ara d
082 1 4 _a347.05 / م د غ
100 1 _aمدغمش، جمال عبد الغني
_eمؤلف.
245 1 0 _aقاعدة لا حجة مع التناقض /
_cالمحامي جمال عبد الغني مدغمش.
264 3 1 _aعمان :
_bمدغمش،
_c2006.
300 _a96 صفحة.
490 0 _aسلسلة الكتب القانونية.
650 1 7 _aالقانون المدني.
650 1 7 _aاجراءات المحاكم.
653 _aالدعاوى.
942 _2ddc
_cBK
999 _c104618
_d104618